| 000 | 00926nam a22003017a 4500 | ||
|---|---|---|---|
| 001 | BR9505196 | ||
| 003 | BR-BrBNA | ||
| 005 | 20230928094646.0 | ||
| 007 | ta | ||
| 008 | 230509b bl.||||| |||| 00| 0 por d | ||
| 040 |
_aBR-BrBNA _bpor _cBiblioteca Nacional de Agricultura |
||
| 041 | _a(Por) | ||
| 072 |
_aF30; H10 _b0430 |
||
| 090 | _ 0430 BR9505196 | ||
| 110 | 1 |
_aUniversidade Federal do Ceara, Fortaleza (Brasil). Depto. de Fitotecnia _911038 |
|
| 245 | 1 | _aEstudos basicos, melhoramento genetico e experimentacao com o algodoeiro moco. Relatorio de pesquisa 1975/76 | |
| 260 | 3 |
_aFortaleza, CE (Brasil): _c1977. |
|
| 300 | _a110 p. | ||
| 500 | _a42 tables; 5 illus. | ||
| 650 | _aAlgodao Moco | ||
| 650 | _aMelhoramento Genetico Animal | ||
| 650 | _aFlutuacao Populacional | ||
| 650 | _aBroca | ||
| 650 | _aControle Quimico | ||
| 650 | _aAdubacao | ||
| 909 |
_a202309 _bLucia _c55 _dLucia Elande |
||
| 942 | _cBK | ||
| 999 |
_c51917 _d51917 |
||